00816nam a2200241Ia 4500003000900000005001700009008004100026040001300067040001300080041000800093100003100101245011600132250001200248260001300260260000900273300001100282300001000293490000600303600003700309942001200346999001700358952019900375IT-RoPAU20220918175858.0120407s9999 xx 000 0 und d aIT-RoPAU cIT-RoPAU aita aAlessandro Pronzato936176 a“... Ma io vi dico”. Spunti di meditazione per religiose secondo gli orientamenti del Vaticano II. 3. rist. aTorino  aGribaudi c1967 a432 p. c19 cm v1 a1. Meditazioni per Suore 936177 cBK2ddc c34545d34545 00102ddc406242_54000000000000071aPAULUSbPAULUSd2012-04-11l0o242.54r2012-04-11 00:00:00w2012-04-11yBKzInserito da: Mario In data: 19 settembre 2011 fondo: Via A.Severo 56 Progr:25211